000 00813nam a2200289Ia 4500
001 14544
005 20240113235540.0
007 ta
008 120913s1957 ii a g b000 u 465 u
040 _aCotton College Assam
041 _a465
082 _a512.8
_bAi 42 Al
100 _aAiken, Daymond J..
245 0 _aAlgebra: Its Big Ideas and Basic Skills /
_cDaymond J.Aiken,Kenneth B.Henderson & Robert E.Pingry.
_hTextual Documents
250 _a2nd ed. /
260 _aNew York :
_bMcGraw - Hill book company ,
_cC1957.
300 _a434p. :
_bill ;
_c23cm .
504 _aIndex
653 _aAlgebra
653 _aG-Mathematics
700 _aHenderson , Kenneth B..
700 _aPingry, Robert E..
942 _2ddc
_cBK
999 _c14530
_d14530